<?xml version="1.0" encoding="UTF-8"?><marc:collection xmlns:marc="http://www.loc.gov/MARC21/slim">
  <marc:record>
    <marc:leader>04214nas a2200721 c 4500</marc:leader>
    <marc:controlfield tag="001">010002790</marc:controlfield>
    <marc:controlfield tag="003">DE-101</marc:controlfield>
    <marc:controlfield tag="005">20250827170744.0</marc:controlfield>
    <marc:controlfield tag="007">tu</marc:controlfield>
    <marc:controlfield tag="008">991118c19279999xxue||p|  ||| 0||||1eng c</marc:controlfield>
    <marc:datafield tag="016" ind1="7" ind2=" ">
      <marc:subfield code="2">DE-600</marc:subfield>
      <marc:subfield code="a">336-0</marc:subfield>
    </marc:datafield>
    <marc:datafield tag="016" ind1="7" ind2=" ">
      <marc:subfield code="2">DE-101</marc:subfield>
      <marc:subfield code="a">010002790</marc:subfield>
    </marc:datafield>
    <marc:datafield tag="022" ind1=" " ind2=" ">
      <marc:subfield code="a">0003-4819</marc:subfield>
    </marc:datafield>
    <marc:datafield tag="030" ind1=" " ind2=" ">
      <marc:subfield code="a">AIMEA</marc:subfield>
    </marc:datafield>
    <marc:datafield tag="030" ind1=" " ind2=" ">
      <marc:subfield code="a">AIMEAS</marc:subfield>
    </marc:datafield>
    <marc:datafield tag="035" ind1=" " ind2=" ">
      <marc:subfield code="a">(DE-599)ZDB336-0</marc:subfield>
    </marc:datafield>
    <marc:datafield tag="035" ind1=" " ind2=" ">
      <marc:subfield code="a">(OCoLC)1367272602</marc:subfield>
    </marc:datafield>
    <marc:datafield tag="040" ind1=" " ind2=" ">
      <marc:subfield code="a">9001</marc:subfield>
      <marc:subfield code="b">ger</marc:subfield>
      <marc:subfield code="c">DE-101</marc:subfield>
      <marc:subfield code="d">9999</marc:subfield>
    </marc:datafield>
    <marc:datafield tag="041" ind1=" " ind2=" ">
      <marc:subfield code="a">eng</marc:subfield>
    </marc:datafield>
    <marc:datafield tag="042" ind1=" " ind2=" ">
      <marc:subfield code="a">zdb</marc:subfield>
    </marc:datafield>
    <marc:datafield tag="044" ind1=" " ind2=" ">
      <marc:subfield code="c">XD-US</marc:subfield>
    </marc:datafield>
    <marc:datafield tag="082" ind1="7" ind2="4">
      <marc:subfield code="a">610</marc:subfield>
      <marc:subfield code="q">DE-101</marc:subfield>
      <marc:subfield code="2">22sdnb</marc:subfield>
    </marc:datafield>
    <marc:datafield tag="083" ind1="7" ind2=" ">
      <marc:subfield code="a">610</marc:subfield>
      <marc:subfield code="q">DE-600</marc:subfield>
      <marc:subfield code="2">22sdnb</marc:subfield>
    </marc:datafield>
    <marc:datafield tag="084" ind1=" " ind2=" ">
      <marc:subfield code="a">XA 10000</marc:subfield>
      <marc:subfield code="2">rvk</marc:subfield>
    </marc:datafield>
    <marc:datafield tag="090" ind1=" " ind2=" ">
      <marc:subfield code="n">de</marc:subfield>
    </marc:datafield>
    <marc:datafield tag="210" ind1="0" ind2="0">
      <marc:subfield code="a">Ann Int Med</marc:subfield>
    </marc:datafield>
    <marc:datafield tag="210" ind1="0" ind2="0">
      <marc:subfield code="a">Ann. Intern. Med.</marc:subfield>
    </marc:datafield>
    <marc:datafield tag="245" ind1="0" ind2="0">
      <marc:subfield code="a">Annals of internal medicine</marc:subfield>
      <marc:subfield code="c">American College of Physicians</marc:subfield>
    </marc:datafield>
    <marc:datafield tag="246" ind1="3" ind2=" ">
      <marc:subfield code="a">In the clinic</marc:subfield>
    </marc:datafield>
    <marc:datafield tag="264" ind1="3" ind2="1">
      <marc:subfield code="a">Philadelphia, Pa.</marc:subfield>
      <marc:subfield code="b">American College of Physicians</marc:subfield>
      <marc:subfield code="c">1927-</marc:subfield>
    </marc:datafield>
    <marc:datafield tag="264" ind1="2" ind2="1">
      <marc:subfield code="3">anfangs</marc:subfield>
      <marc:subfield code="a">Lancaster, Pa.</marc:subfield>
      <marc:subfield code="b">American College of Physicians</marc:subfield>
    </marc:datafield>
    <marc:datafield tag="264" ind1="2" ind2="1">
      <marc:subfield code="3">-1998</marc:subfield>
      <marc:subfield code="a">Philadelphia, Pa.</marc:subfield>
      <marc:subfield code="b">American College of Physicians</marc:subfield>
    </marc:datafield>
    <marc:datafield tag="264" ind1="2" ind2="1">
      <marc:subfield code="3">-2002</marc:subfield>
      <marc:subfield code="a">Philadelphia, Pa.</marc:subfield>
      <marc:subfield code="b">American College of Physicians, American Society of Internal Medicine</marc:subfield>
    </marc:datafield>
    <marc:datafield tag="300" ind1=" " ind2=" ">
      <marc:subfield code="c">28 cm</marc:subfield>
    </marc:datafield>
    <marc:datafield tag="336" ind1=" " ind2=" ">
      <marc:subfield code="a">Text</marc:subfield>
      <marc:subfield code="b">txt</marc:subfield>
      <marc:subfield code="2">rdacontent</marc:subfield>
    </marc:datafield>
    <marc:datafield tag="337" ind1=" " ind2=" ">
      <marc:subfield code="a">ohne Hilfsmittel zu benutzen</marc:subfield>
      <marc:subfield code="b">n</marc:subfield>
      <marc:subfield code="2">rdamedia</marc:subfield>
    </marc:datafield>
    <marc:datafield tag="338" ind1=" " ind2=" ">
      <marc:subfield code="a">Band</marc:subfield>
      <marc:subfield code="b">nc</marc:subfield>
      <marc:subfield code="2">rdacarrier</marc:subfield>
    </marc:datafield>
    <marc:datafield tag="362" ind1="0" ind2=" ">
      <marc:subfield code="a">1.1927/28 - 14.1940/41,1; 14=19.1940/41,2 - 71=74.1969; 72.1970 -</marc:subfield>
    </marc:datafield>
    <marc:datafield tag="363" ind1="0" ind2="0">
      <marc:subfield code="8">1.1\x</marc:subfield>
      <marc:subfield code="a">1</marc:subfield>
      <marc:subfield code="i">1927/28</marc:subfield>
    </marc:datafield>
    <marc:datafield tag="363" ind1="1" ind2="0">
      <marc:subfield code="8">1.2\x</marc:subfield>
      <marc:subfield code="a">14</marc:subfield>
      <marc:subfield code="b">1</marc:subfield>
      <marc:subfield code="i">1940/41</marc:subfield>
    </marc:datafield>
    <marc:datafield tag="363" ind1="0" ind2="0">
      <marc:subfield code="8">2.1\x</marc:subfield>
      <marc:subfield code="a">14</marc:subfield>
      <marc:subfield code="b">2</marc:subfield>
      <marc:subfield code="i">1940/41</marc:subfield>
    </marc:datafield>
    <marc:datafield tag="363" ind1="1" ind2="0">
      <marc:subfield code="8">2.2\x</marc:subfield>
      <marc:subfield code="a">71</marc:subfield>
      <marc:subfield code="i">1969</marc:subfield>
    </marc:datafield>
    <marc:datafield tag="363" ind1="0" ind2="1">
      <marc:subfield code="8">3.1\x</marc:subfield>
      <marc:subfield code="a">72</marc:subfield>
      <marc:subfield code="i">1970</marc:subfield>
    </marc:datafield>
    <marc:datafield tag="500" ind1=" " ind2=" ">
      <marc:subfield code="a">Herausgeber teils: American College of Physicians-American Society of Internal Medicine</marc:subfield>
    </marc:datafield>
    <marc:datafield tag="501" ind1=" " ind2=" ">
      <marc:subfield code="a">Ungezählte Beil.: In the clinic; ab 114.1991: Supplement</marc:subfield>
    </marc:datafield>
    <marc:datafield tag="650" ind1=" " ind2="7">
      <marc:subfield code="0">(DE-588)4027074-9</marc:subfield>
      <marc:subfield code="0">https://d-nb.info/gnd/4027074-9</marc:subfield>
      <marc:subfield code="0">(DE-101)040270742</marc:subfield>
      <marc:subfield code="a">Innere Medizin</marc:subfield>
      <marc:subfield code="9">rswk-swf</marc:subfield>
      <marc:subfield code="2">gnd</marc:subfield>
    </marc:datafield>
    <marc:datafield tag="655" ind1=" " ind2="7">
      <marc:subfield code="0">(DE-588)4067488-5</marc:subfield>
      <marc:subfield code="0">https://d-nb.info/gnd/4067488-5</marc:subfield>
      <marc:subfield code="0">(DE-101)040674886</marc:subfield>
      <marc:subfield code="a">Zeitschrift</marc:subfield>
      <marc:subfield code="2">gnd-content</marc:subfield>
    </marc:datafield>
    <marc:datafield tag="655" ind1=" " ind2="7">
      <marc:subfield code="a">Zeitschrift</marc:subfield>
      <marc:subfield code="9">rswk-swf</marc:subfield>
      <marc:subfield code="2">gnd</marc:subfield>
    </marc:datafield>
    <marc:datafield tag="689" ind1="0" ind2="0">
      <marc:subfield code="0">(DE-588)4027074-9</marc:subfield>
      <marc:subfield code="0">https://d-nb.info/gnd/4027074-9</marc:subfield>
      <marc:subfield code="0">(DE-101)040270742</marc:subfield>
      <marc:subfield code="D">s</marc:subfield>
      <marc:subfield code="a">Innere Medizin</marc:subfield>
    </marc:datafield>
    <marc:datafield tag="689" ind1="0" ind2="1">
      <marc:subfield code="A">f</marc:subfield>
      <marc:subfield code="a">Zeitschrift</marc:subfield>
    </marc:datafield>
    <marc:datafield tag="689" ind1="0" ind2=" ">
      <marc:subfield code="5">DE-600</marc:subfield>
      <marc:subfield code="5">DE-600</marc:subfield>
    </marc:datafield>
    <marc:datafield tag="710" ind1="2" ind2=" ">
      <marc:subfield code="0">(DE-588)36317-0</marc:subfield>
      <marc:subfield code="0">https://d-nb.info/gnd/36317-0</marc:subfield>
      <marc:subfield code="0">(DE-101)000363170</marc:subfield>
      <marc:subfield code="a">American College of Physicians</marc:subfield>
      <marc:subfield code="e">Herausgebendes Organ</marc:subfield>
      <marc:subfield code="4">isb</marc:subfield>
      <marc:subfield code="2">gnd</marc:subfield>
    </marc:datafield>
    <marc:datafield tag="710" ind1="2" ind2=" ">
      <marc:subfield code="0">(DE-588)1090649207</marc:subfield>
      <marc:subfield code="0">https://d-nb.info/gnd/1090649207</marc:subfield>
      <marc:subfield code="0">(DE-101)1090649207</marc:subfield>
      <marc:subfield code="a">American College of Physicians-American Society of Internal Medicine</marc:subfield>
      <marc:subfield code="e">Herausgebendes Organ</marc:subfield>
      <marc:subfield code="4">isb</marc:subfield>
      <marc:subfield code="2">gnd</marc:subfield>
    </marc:datafield>
    <marc:datafield tag="770" ind1="0" ind2="8">
      <marc:subfield code="i">Supplement</marc:subfield>
      <marc:subfield code="n">114.1991 - 131.1999 Beil., ab 148.2008,10 darin</marc:subfield>
      <marc:subfield code="a">American College of Physicians</marc:subfield>
      <marc:subfield code="t">ACP journal club</marc:subfield>
      <marc:subfield code="d">Philadelphia, Pa. : College, 1991-</marc:subfield>
      <marc:subfield code="x">1056-8751</marc:subfield>
      <marc:subfield code="w">(DE-600)1061215-4</marc:subfield>
      <marc:subfield code="w">(DE-101)015926907</marc:subfield>
    </marc:datafield>
    <marc:datafield tag="770" ind1="0" ind2="8">
      <marc:subfield code="i">Supplement</marc:subfield>
      <marc:subfield code="t">Medical news</marc:subfield>
      <marc:subfield code="d">Lancaster, Pa. : [Verlag nicht ermittelbar], 1960-</marc:subfield>
      <marc:subfield code="w">(DE-600)1485809-5</marc:subfield>
      <marc:subfield code="w">(DE-101)019786476</marc:subfield>
    </marc:datafield>
    <marc:datafield tag="776" ind1="0" ind2="8">
      <marc:subfield code="i">Erscheint auch als</marc:subfield>
      <marc:subfield code="n">Online-Ausgabe</marc:subfield>
      <marc:subfield code="t">Annals of internal medicine</marc:subfield>
      <marc:subfield code="d">Philadelphia, PA : ACP, American College of Physicians, 1927-</marc:subfield>
      <marc:subfield code="h">Online-Ressource</marc:subfield>
      <marc:subfield code="x">1539-3704</marc:subfield>
      <marc:subfield code="w">(DE-600)2003473-8</marc:subfield>
      <marc:subfield code="w">(DE-101)020100957</marc:subfield>
    </marc:datafield>
    <marc:datafield tag="780" ind1="0" ind2="0">
      <marc:subfield code="i">Vorg.:</marc:subfield>
      <marc:subfield code="t">Annals of clinical medicine</marc:subfield>
      <marc:subfield code="d">Baltimore, Md. : [Verlag nicht ermittelbar], 1922-1927</marc:subfield>
      <marc:subfield code="x">0095-9944</marc:subfield>
      <marc:subfield code="w">(DE-600)418591-2</marc:subfield>
      <marc:subfield code="w">(DE-101)012337013</marc:subfield>
    </marc:datafield>
    <marc:datafield tag="787" ind1="0" ind2="8">
      <marc:subfield code="i">56,2,2=1; 57,2,2=2; 59,1,2=3; 59,2,2=4; 60,2,2=5; 60,5,2=6; 71,5,2=8; 67,3,2=7 von</marc:subfield>
      <marc:subfield code="t">Annals of internal medicine / Supplement</marc:subfield>
      <marc:subfield code="d">Philadelphia, Pa. : Coll., 1962-1989</marc:subfield>
      <marc:subfield code="x">0003-4819</marc:subfield>
      <marc:subfield code="w">(DE-600)390314-X</marc:subfield>
      <marc:subfield code="w">(DE-101)012147516</marc:subfield>
    </marc:datafield>
    <marc:datafield tag="787" ind1="0" ind2="8">
      <marc:subfield code="i">53,7=13; 56,2,2=14; 59,5,2=15; 61,5,2=16 von</marc:subfield>
      <marc:subfield code="t">Rheumatism and arthritis</marc:subfield>
      <marc:subfield code="d">Philadelphia, Pa. : American College of Physicians, 1960-</marc:subfield>
      <marc:subfield code="w">(DE-600)194945-7</marc:subfield>
      <marc:subfield code="w">(DE-101)011092858</marc:subfield>
    </marc:datafield>
    <marc:datafield tag="787" ind1="0" ind2="8">
      <marc:subfield code="i">90,4=1 von</marc:subfield>
      <marc:subfield code="a">International Symposium on Legionnaire's Disease</marc:subfield>
      <marc:subfield code="t">Proceedings / International Symposium on Legionnaire's Disease</marc:subfield>
      <marc:subfield code="d">[Wechselnde Erscheinungsorte] : [Verlag nicht ermittelbar], 1979-1979</marc:subfield>
      <marc:subfield code="w">(DE-600)19900-X</marc:subfield>
      <marc:subfield code="w">(DE-101)01024655X</marc:subfield>
    </marc:datafield>
    <marc:datafield tag="787" ind1="0" ind2="8">
      <marc:subfield code="i">128,7,1=4 von</marc:subfield>
      <marc:subfield code="t">Ethics manual</marc:subfield>
      <marc:subfield code="d">Philadelphia, Pa. : American College of Physicians, 1998-2005</marc:subfield>
      <marc:subfield code="w">(DE-600)2650321-9</marc:subfield>
      <marc:subfield code="w">(DE-101)101957979X</marc:subfield>
    </marc:datafield>
    <marc:datafield tag="787" ind1="0" ind2="8">
      <marc:subfield code="i">156,1,Pt.2,Suppl.=6 von</marc:subfield>
      <marc:subfield code="a">American College of Physicians</marc:subfield>
      <marc:subfield code="t">American College of Physicians ethics manual</marc:subfield>
      <marc:subfield code="d">Philadelphia, Pa. : American College of Physicians, 2012-</marc:subfield>
      <marc:subfield code="w">(DE-600)2650317-7</marc:subfield>
      <marc:subfield code="w">(DE-101)1019579226</marc:subfield>
    </marc:datafield>
    <marc:datafield tag="850" ind1=" " ind2=" ">
      <marc:subfield code="a">DE-101a</marc:subfield>
      <marc:subfield code="a">DE-101b</marc:subfield>
    </marc:datafield>
  </marc:record>
</marc:collection>
